00623nam a22001697a 4500003000400000082001700004100001700021245009200038260003500130300000800165650001300173653000800186942001200194952011500206952011500321999001700436SGT a615.05bS22Y aYADAV, SONIA aSynthesis Pharmacological Evaluation And Docking Studies Of Newer Coumarin Derivatives  aGURUGRAMbSGT UNIVERSITYc2022 a162 aPHARMACY aPHD 2ddccTH 00102ddc40718MEDICALaFMbFMcREFd2024-06-20l0o615.05 S22YpDT1634r2024-06-20 00:00:00w2024-06-20yTH 00102ddc40718MEDICALaFMbFMcREFd2024-06-20l0o615.05 S22YpDT1635r2024-06-20 00:00:00w2024-06-20yTH c26478d26478